000 00950nam a22002177a 4500
999 _c21030
_d21030
003 AR-CdUCM
008 190724b ||||| |||| 00| 0 spa d
040 _aMUNICIPALIDAD PROVINCIAL DEL CUSCO
_cBIBLIOTECA MUNICIPAL DEL CUSCO
082 _a351.823 /
_bIN65
100 _aIñiguez Medrano, Felipe
_943823
245 _aEl deber de la hora :
_bHay que derrotar el atraso instalando fundiciones nacionales /
260 _aOruro :
_bUniversitaria,
_c1963.
300 _a119 páginas ;
_c18.5 cm.
505 _aContiene : Fundición de Estaño y contrato -- Fundición de minerales de estaño en Bolivia -- Fundición nacional de estaño -- Soberanía significa industria pesada -- Respuestas a un cuestionario.
650 _aMinería
_9430
650 _aMetalurgia
_919102
650 _aAdministración estatal
_943824
710 _aUniversidad técnica de Oruro-Departamento de extensión cultural
_943825
942 _2ddc
_cLIBROS
945 _azta